000 00832nam a22001697a 4500
008 100421t xxu||||| |||| 00| 0 eng d
082 _221
_a330.12
_bأ م ى
100 _913646
_aأمين, سمير
245 _aالتطور اللا متكافئ:
_bدراسة فى التشكيلات الإجتماعية للرأسمالية المحيطية /
_cتأليف سمير أمين؛ ترجمة برهان غليون.
250 _a[ط4.]
260 _aبيروت :
_bدار الطليعة للطباعة والنشر,
_c[1985].
300 _a301 ص,
_c21 سم.
650 _913649
_aالرأسمالية
650 _913650
_aنظم إقتصادية
942 _2ddc
_cBB
999 _c13923
_d13923